Catálogo
 En Linea
Vista normal Vista MARC

Entrada Nombre corporativo

Número de registros utilizados en: 1

001 - NÚMERO DE CONTROL

  • campo de control: 89572

003 - IDENTIFICADOR DEL NÚMERO DE CONTROL

  • campo de control: DO-SdBNP

005 - FECHA Y HORA DE LA ÚLTIMA TRANSACCIÓN

  • campo de control: 20260514142947.0

008 - DATOS DE LONGITUD FIJA

  • campo de control de longitud fija: 260514|| aza||aabn | a|a d

040 ## - FUENTE DE LA CATALOGACIÓN

  • Centro catalogador/agencia de origen: DO-SdBNP
  • Lengua de catalogación: spa
  • Centro/agencia transcriptor: BNPHU
  • Normas de descripción: rda

110 ## - ENCABEZAMIENTO-NOMBRE DE ENTIDAD CORPORATIVA

  • Nombre de entidad corporativa o nombre de jurisdicción como elemento de entrada: Programa Solidaridad

678 ## - DATOS BIOGRÁFICOS O HISTÓRICOS

  • Datos biográficos o históricos: Programa Solidaridad: la revista La revista "Solidaridad" es un órgano informativo del Programa Solidaridad, que se destina a mantener al día a la población sobre las acciones realizadas por Solidaridad y otras instituciones en favor de los más pobres. La revista incluye artículos sobre temas como la eliminación del trabajo infantil peligroso en la República Dominicana y otros trabajos realizados por Solidaridad. Además, ofrece información sobre la gobernanza local y servicios públicos municipales de calidad, así como sobre la participación de las mujeres en la gobernanza local.

Con tecnología Koha